[Event "Ann Arbor (MI Op/7)"]
[Site "?"]
[Date "1983.??.??"]
[Round "?"]
[White "Knecht, Mark"]
[Black "O'Donnell, Robert"]
[Result "0-1"]
[WhiteElo "2090"]
[BlackElo "2140"]
[PlyCount "92"]
[EventDate "1983.??.??"]

1. e4 c5 2. Nf3 Nc6 3. d4 cxd4 4. Nxd4 Nf6 5. Nc3 d6 6. Bc4 Qb6 7. Nb3 a6 8.
Be3 Qc7 9. f4 e6 10. Qf3 Be7 11. O-O b5 12. Bd3 Bb7 13. a4 b4 14. Ne2 Na5 15.
Nxa5 Qxa5 16. Bd4 d5 17. e5 Ne4 18. Qg4 g6 19. Bxe4 dxe4 20. Kh1 h5 21. Qh3 h4
22. Qe3 h3 23. g4 Rc8 24. f5 gxf5 25. gxf5 Rxc2 26. fxe6 Rxe2 27. exf7+ Kf8 28.
Qxe2 e3+ 29. Rf3 Qd5 30. Qxe3 Qxf3+ 31. Qxf3 Bxf3+ 32. Kg1 Rh4 33. Bf2 Rg4+ 34.
Kf1 Kxf7 35. Re1 Bg2+ 36. Ke2 Re4+ 37. Kd3 Rxe1 38. Bxe1 Ke6 39. Kc4 Bf1+ 40.
Kb3 Kxe5 41. Bxb4 Bxb4 42. Kxb4 Ke4 43. Ka5 Kf3 44. b4 Kg2 45. b5 axb5 46. axb5
Bxb5 0-1

[Event "East Detroit (MCO/4)"]
[Site "?"]
[Date "1983.??.??"]
[Round "?"]
[White "Knecht, Mark"]
[Black "DuPuis, P.."]
[Result "1-0"]
[WhiteElo "2090"]
[BlackElo "2210"]
[PlyCount "45"]
[EventDate "1983.??.??"]

1. e4 c5 2. Nf3 e6 3. d4 cxd4 4. Nxd4 Nf6 5. Nc3 d6 6. Bc4 Nc6 7. Be3 Be7 8.
Qe2 O-O 9. O-O-O a6 10. Bb3 Qc7 11. g4 b5 12. Nxc6 Qxc6 13. g5 Nd7 14. Nd5 Bd8
15. Rhg1 Ne5 16. Qh5 Ng6 17. Rg3 Re8 18. Rh3 Nf8 19. Rg1 exd5 20. Bxd5 Qxd5 21.
exd5 Bf5 22. Rf3 Be4 23. Qxf7+ 1-0

[Event "Ann Arbor (MI Op/4)"]
[Site "?"]
[Date "1983.??.??"]
[Round "?"]
[White "Knecht, Mark"]
[Black "Byer, L.."]
[Result "1-0"]
[WhiteElo "2090"]
[BlackElo "2150"]
[PlyCount "79"]
[EventDate "1983.??.??"]

1. e4 g6 2. d4 Bg7 3. Nc3 d6 4. f4 Nf6 5. Nf3 c5 6. dxc5 Qa5 7. Bd3 Qxc5 8. Qe2
Nc6 9. Be3 Qa5 10. O-O Bg4 11. h3 Bxf3 12. Qxf3 O-O 13. a3 Nd7 14. Qg4 Nc5 15.
b4 Qd8 16. bxc5 dxc5 17. e5 Qc8 18. Qxc8 Raxc8 19. Rab1 b6 20. Rfd1 g5 21. g3
gxf4 22. gxf4 Rcd8 23. Be4 Na5 24. Rxd8 Rxd8 25. Rd1 Rxd1+ 26. Nxd1 Nc4 27. Bc1
Bh6 28. Kf2 Nxe5 29. fxe5 Bxc1 30. a4 Bf4 31. e6 fxe6 32. Kf3 Bd2 33. Bd3 Bg5
34. Nc3 h6 35. Nb5 a6 36. Nc7 b5 37. axb5 axb5 38. Bxb5 Kf7 39. Na6 Kf6 40. Ke4
1-0

[Event "Ann Arbor (MI Op/1)"]
[Site "?"]
[Date "1983.??.??"]
[Round "?"]
[White "Kirshner, A.."]
[Black "Thomas, Carlton"]
[Result "1/2-1/2"]
[WhiteElo "1790"]
[BlackElo "2010"]
[PlyCount "114"]
[EventDate "1983.??.??"]

1. Nf3 Nf6 2. g3 g6 3. Bg2 Bg7 4. O-O O-O 5. d3 d5 6. Nbd2 Nc6 7. e4 dxe4 8.
dxe4 Bg4 9. h3 Bxf3 10. Qxf3 Nd4 11. Qd1 e5 12. c3 Ne6 13. Nc4 Nd7 14. Qe2 Qe7
15. b3 Rfd8 16. Ba3 Qf6 17. Ne3 Nec5 18. Nd5 Qa6 19. Qxa6 Nxa6 20. Rfd1 Bf8 21.
Bc1 c6 22. Ne3 Ndc5 23. Ba3 Nd3 24. Bxf8 Kxf8 25. Rd2 Ndc5 26. Rad1 Rxd2 27.
Rxd2 Ke7 28. f3 Nc7 29. Nc4 f6 30. Bf1 Nb5 31. Rc2 Rd8 32. Kf2 Rd1 33. Nb2 Ra1
34. b4 Na3 35. Rd2 Ne6 36. Nc4 Nxc4 37. Bxc4 Rc1 38. Bxe6 Kxe6 39. Rd8 Rxc3 40.
Rb8 b6 41. a4 Ra3 42. Rb7 Rxa4 43. Rxh7 Rxb4 44. Rxa7 c5 45. Rb7 c4 46. g4 c3
47. Rc7 Rb2+ 48. Ke3 Rb3 49. Kd3 c2+ 50. Kxc2 Rxf3 51. Rg7 Kd6 52. Rxg6 Kc5 53.
g5 fxg5 54. Rxg5 Kd4 55. Rg6 Kxe4 56. Rxb6 Kf4 57. Kd2 e4 1/2-1/2

[Event "Ann Arbor (MI Op/4)"]
[Site "?"]
[Date "1983.??.??"]
[Round "?"]
[White "Kirshner, A.."]
[Black "Kulbacki, James"]
[Result "0-1"]
[WhiteElo "1790"]
[BlackElo "1910"]
[PlyCount "78"]
[EventDate "1983.??.??"]

1. Nf3 d5 2. b3 Nf6 3. Bb2 Bf5 4. g3 e6 5. Bg2 c6 6. O-O h6 7. d3 Be7 8. Nbd2
Nbd7 9. e4 Bh7 10. e5 Ng8 11. Qe2 c5 12. Ne1 Bf8 13. f4 Ne7 14. Nef3 Nc6 15. a3
Be7 16. Kh1 Bf5 17. Rf2 Nf8 18. h3 h5 19. Rg1 Ng6 20. Nh2 Nf8 21. c3 Qb6 22. g4
Bg6 23. f5 Bh7 24. f6 gxf6 25. exf6 Bd6 26. Bxd5 O-O-O 27. Nc4 Qc7 28. Nxd6+
Qxd6 29. Be4 hxg4 30. Qxg4 Ne5 31. Qg2 Bxe4 32. dxe4 Nfg6 33. c4 Qd3 34. Qg3
Rxh3 35. Qxd3 Rdxd3 36. Bxe5 Nxe5 37. Rg8+ Kc7 38. Kg2 Rxb3 39. Rg5 Nd3 0-1

[Event "Ann Arbor (MI Op/7)"]
[Site "?"]
[Date "1983.??.??"]
[Round "?"]
[White "Kirshner, A.."]
[Black "Fischvogt, Eric"]
[Result "1/2-1/2"]
[WhiteElo "1790"]
[BlackElo "2205"]
[PlyCount "68"]
[EventDate "1983.??.??"]

1. Nf3 Nf6 2. b3 g6 3. Bb2 Bg7 4. g3 O-O 5. Bg2 c5 6. c4 Nc6 7. O-O d6 8. d3
Bd7 9. Nc3 Rb8 10. e3 Qc8 11. d4 Bh3 12. d5 Nd8 13. Qc2 Bf5 14. Qe2 a6 15. a4
Bg4 16. Qc2 Bf5 17. Qe2 h6 18. Nd2 e5 19. Ra3 Nh7 20. a5 Qc7 21. Nd1 f6 22. h4
Nf7 23. h5 Qd7 24. e4 Bg4 25. f3 Bxh5 26. g4 Bxg4 27. fxg4 Nfg5 28. Ne3 Rf7 29.
Kf2 Bf8 30. Ke1 b5 31. axb6 Rxb6 32. Kd1 Qb7 33. Kc2 Qb8 34. Bc3 Ra7 1/2-1/2

[Event "Ann Arbor (MI Op/3)"]
[Site "?"]
[Date "1983.??.??"]
[Round "?"]
[White "Kirshner, A.."]
[Black "Everett, Morgan"]
[Result "1/2-1/2"]
[WhiteElo "1790"]
[BlackElo "2030"]
[PlyCount "90"]
[EventDate "1983.??.??"]

1. Nf3 Nf6 2. g3 g6 3. Bg2 Bg7 4. O-O O-O 5. d3 d6 6. e4 c5 7. Nc3 Nc6 8. h3
Bd7 9. Be3 Rc8 10. Qd2 Qa5 11. a4 Qb4 12. Rab1 Nd4 13. Ne1 Rfe8 14. Kh2 Bc6 15.
b3 Nd7 16. Nd5 Qxd2 17. Bxd2 e6 18. Ne3 Rcd8 19. f4 d5 20. e5 Nf5 21. Nxf5 exf5
22. Nf3 f6 23. exf6 Bxf6 24. Rbe1 h6 25. Kg1 Kf7 26. Kf2 Rxe1 27. Rxe1 Re8 28.
Rxe8 Kxe8 29. Ne1 Ke7 30. Bf3 Nf8 31. Bg2 Kd6 32. Nf3 Ne6 33. h4 Nd4 34. Nxd4
Bxd4+ 35. Be3 Bxe3+ 36. Kxe3 d4+ 37. Kf2 Bxg2 38. Kxg2 h5 39. Kf3 Kd5 40. Ke2
b6 41. Kd2 a6 42. Kc1 b5 43. axb5 axb5 44. Kb2 c4 45. b4 c3+ 1/2-1/2

[Event "Ann Arbor (MI Op/1)"]
[Site "?"]
[Date "1983.??.??"]
[Round "?"]
[White "Kensek, R.."]
[Black "Thompson, Dexter"]
[Result "0-1"]
[WhiteElo "2195"]
[BlackElo "2015"]
[PlyCount "72"]
[EventDate "1983.??.??"]

1. e4 e5 2. Nf3 Nc6 3. d4 exd4 4. c3 dxc3 5. Bc4 cxb2 6. Bxb2 d6 7. Qb3 Na5 8.
Bxf7+ Ke7 9. Qd5 c6 10. Qh5 Nf6 11. Bxf6+ gxf6 12. O-O Bg7 13. Nbd2 Rf8 14. Bb3
Nxb3 15. Nxb3 Qe8 16. Qxh7 Qf7 17. Nh4 Rg8 18. Ng6+ Kd8 19. Nd4 Kc7 20. Rad1
Bg4 21. Rd3 Rh8 22. Nxh8 Rxh8 23. Qxh8 Bxh8 24. h3 Be6 25. Rc1 a6 26. a4 f5 27.
Re1 Bxd4 28. Rxd4 Qg7 29. Red1 fxe4 30. Rxe4 Bxh3 31. g3 Qf7 32. Rf4 Qb3 33.
Re1 Qd5 34. Rfe4 c5 35. Kh2 Bd7 36. f3 Qh5+ 0-1

[Event "Ann Arbor (MI Op/7)"]
[Site "?"]
[Date "1983.??.??"]
[Round "?"]
[White "Kensek, R.."]
[Black "Small, L.."]
[Result "1-0"]
[WhiteElo "2195"]
[BlackElo "2035"]
[PlyCount "69"]
[EventDate "1983.??.??"]

1. e4 c5 2. Nf3 Nf6 3. e5 Nd5 4. Nc3 Nxc3 5. dxc3 e6 6. Bg5 Be7 7. Bxe7 Qxe7 8.
Qd2 O-O 9. O-O-O f6 10. exf6 Qxf6 11. Qd6 Qf4+ 12. Kb1 Qxd6 13. Rxd6 b6 14. Bd3
Bb7 15. Re1 Rf6 16. Be4 Bxe4 17. Rxe4 Kf8 18. Re2 Ke7 19. Red2 e5 20. R6d3 Re6
21. Rd5 Kf6 22. Re2 Nc6 23. Rxd7 Rd8 24. Rxd8 Nxd8 25. c4 g5 26. c3 Nf7 27. b3
Nd6 28. Nd2 Kf5 29. Nf1 e4 30. Rd2 h5 31. Kc2 Kf4 32. Ne3 h4 33. Rd5 g4 34. Rh5
h3 35. Nd5# 1-0

[Event "Ann Arbor (MI Op/5)"]
[Site "?"]
[Date "1983.??.??"]
[Round "?"]
[White "Kensek, R.."]
[Black "Everett, Morgan"]
[Result "1-0"]
[WhiteElo "2195"]
[BlackElo "2030"]
[PlyCount "111"]
[EventDate "1983.??.??"]

1. e4 e5 2. Nf3 Nc6 3. d4 exd4 4. c3 d5 5. exd5 Qxd5 6. cxd4 Bg4 7. Be2 Nf6 8.
Nc3 Bb4 9. O-O Bxc3 10. bxc3 O-O 11. Bf4 Ne8 12. Re1 Nd6 13. Qa4 b5 14. Qb3
Qxb3 15. axb3 b4 16. d5 Ne7 17. c4 Bxf3 18. Bxf3 Ng6 19. Bxd6 cxd6 20. Ra6 Rfd8
21. Rea1 Rd7 22. Bg4 Re7 23. Rxd6 Ne5 24. Bf3 g6 25. Rb6 Rae8 26. Rb5 Nxc4 27.
h4 Na3 28. Rc5 Rd8 29. Rd1 Rd6 30. Rd4 Nb1 31. Rc1 Nc3 32. Rxb4 Ne2+ 33. Bxe2
Rxe2 34. Rd1 Rb2 35. Rd3 Kg7 36. g4 Kf6 37. Re4 h6 38. Kg2 g5 39. h5 Kg7 40.
Kg3 a6 41. f4 Rb1 42. fxg5 hxg5 43. Re5 Kh6 44. Rf5 f6 45. Kf2 Rc1 46. Ke3 Rg1
47. Rd4 Rb1 48. Rd3 Rg1 49. Kd4 Rxg4+ 50. Kc5 Rd8 51. Rxf6+ Kxh5 52. d6 Rg1 53.
d7 Rc1+ 54. Kb6 g4 55. Rc6 Rf1 56. Rc8 1-0

[Event "Ann Arbor (MI Op/3)"]
[Site "?"]
[Date "1983.??.??"]
[Round "?"]
[White "Kensek, R.."]
[Black "Arganian, David H"]
[Result "1-0"]
[WhiteElo "2195"]
[BlackElo "1975"]
[PlyCount "61"]
[EventDate "1983.??.??"]

1. e4 c6 2. d4 d5 3. Nd2 dxe4 4. Nxe4 Nf6 5. Ng3 g6 6. Nf3 Bg4 7. Be2 Bg7 8.
O-O Nbd7 9. b3 O-O 10. Bb2 Qc7 11. c4 Rad8 12. Qc2 e6 13. Rad1 Nh5 14. Nxh5
Bxh5 15. Qe4 Nf6 16. Qh4 Bxf3 17. Bxf3 Nd7 18. Be2 c5 19. Rd3 Rfe8 20. Rfd1 Bf6
21. Qh6 cxd4 22. Bxd4 Bxd4 23. Rxd4 Nf8 24. Qd2 Rxd4 25. Qxd4 b6 26. Qd6 Qxd6
27. Rxd6 Kg7 28. Bf3 Kf6 29. Bc6 Re7 30. Kf1 Kf5 31. Rd8 1-0

[Event "East Detroit (MCO/1)"]
[Site "?"]
[Date "1983.??.??"]
[Round "?"]
[White "Kellogg, S.."]
[Black "Yuhas, L.."]
[Result "0-1"]
[WhiteElo "1605"]
[BlackElo "1755"]
[PlyCount "52"]
[EventDate "1983.??.??"]

1. b3 e5 2. Bb2 Nc6 3. Nf3 d6 4. g3 f5 5. Bg2 Nf6 6. O-O Be7 7. Re1 O-O 8. d3
Bd7 9. e4 f4 10. Nc3 fxg3 11. fxg3 Bg4 12. Qd2 Bxf3 13. Bxf3 Nd4 14. Bg2 Ng4
15. Rf1 Rxf1+ 16. Rxf1 Bg5 17. Qd1 Ne3 18. Qb1 Nxf1 19. Bxf1 Be3+ 20. Kg2 Qf6
21. Nd1 Qf3+ 22. Kh3 Qxf1+ 23. Kh4 g5+ 24. Kg4 h5+ 25. Kxh5 Qh3+ 26. Kg6 Qh7+
0-1

[Event "East Detroit (MCO/3)"]
[Site "?"]
[Date "1983.??.??"]
[Round "?"]
[White "Kellogg, S.."]
[Black "Haley, W.."]
[Result "1/2-1/2"]
[WhiteElo "1605"]
[BlackElo "1605"]
[PlyCount "145"]
[EventDate "1983.??.??"]

1. Nf3 g6 2. b3 Bg7 3. Nc3 d6 4. Bb2 Nc6 5. e3 e5 6. Be2 Nge7 7. O-O O-O 8. Rb1
a6 9. a4 Be6 10. Ng5 Bd7 11. Bc4 h6 12. Nxf7 Rxf7 13. Bxf7+ Kxf7 14. Qf3+ Kg8
15. h3 Nf5 16. Qd5+ Kh7 17. Qf3 Nh4 18. Qg3 Qf6 19. Ne4 Qe7 20. Qh2 Rf8 21.
Rbe1 Nb4 22. Re2 Bc6 23. d3 Nd5 24. f3 Nf6 25. Ref2 Bd7 26. Nc3 Qe6 27. b4 Nd5
28. Nxd5 Qxd5 29. e4 Qa2 30. Bc3 g5 31. Ra1 Qe6 32. b5 axb5 33. axb5 Bxb5 34.
Ba5 Qc8 35. c4 Bd7 36. Be1 Nxg2 37. Kxg2 Rf4 38. Rf1 c6 39. Bg3 Rf7 40. Rf2 c5
41. Rh1 Qg8 42. Qg1 b5 43. cxb5 Bxb5 44. Qb1 Be8 45. Qb6 Bf8 46. Qd8 Be7 47.
Qc8 Rf8 48. Qb7 Rf7 49. Qd5 Qf8 50. Ra1 Rf6 51. Ra7 Bh5 52. Ra8 Qg7 53. Ra7 Qf8
54. Qb7 Rf7 55. Ra8 Qg7 56. Rc8 Qf6 57. Qd5 Bg6 58. Rc7 h5 59. Qb7 h4 60. Bh2
Bh5 61. Qc8 Kg7 62. Qf5 Qxf5 63. exf5 Kf6 64. Rc8 Kxf5 65. Rh8 Bg6 66. Rd2 d5
67. Re2 Bf6 68. Rc8 Ke6 69. Rxc5 Bxd3 70. Re1 Bc4 71. Bg1 Be7 72. Rc6+ Bd6 73.
Rc8 1/2-1/2

[Event "East Detroit (MCO/5)"]
[Site "?"]
[Date "1983.??.??"]
[Round "?"]
[White "Kellogg, S.."]
[Black "Corbeill, Joe"]
[Result "0-1"]
[WhiteElo "1605"]
[BlackElo "1645"]
[PlyCount "92"]
[EventDate "1983.??.??"]

1. Nf3 Nf6 2. b3 b6 3. Bb2 Bb7 4. e3 e6 5. Be2 Be7 6. O-O O-O 7. a3 c5 8. d4
Nc6 9. Qd3 d5 10. c3 Rc8 11. Nbd2 Qc7 12. Rfd1 Rfd8 13. Bf1 a6 14. b4 c4 15.
Qe2 Nb8 16. g3 Nbd7 17. Bg2 Ne4 18. Nxe4 dxe4 19. Nd2 f5 20. a4 b5 21. axb5
axb5 22. Ra7 Ra8 23. Rda1 Rxa7 24. Rxa7 Ra8 25. Rxa8+ Bxa8 26. Qh5 Nf6 27. Qd1
g5 28. Qa1 Bb7 29. Nb1 Bc6 30. Qa6 Qb7 31. Qa5 Ne8 32. Na3 Nc7 33. Nb1 h5 34.
Qa1 Kg7 35. h3 Be8 36. Na3 Kf6 37. Kh2 h4 38. Qh1 Bd6 39. Kg1 hxg3 40. h4 gxf2+
41. Kxf2 Nd5 42. h5 Qh7 43. h6 Ke7 44. Nb1 Nf6 45. Ke2 Nh5 46. Bc1 Ng3+ 0-1

[Event "East Detroit (MCO/4)"]
[Site "?"]
[Date "1983.??.??"]
[Round "?"]
[White "Kell, M.."]
[Black "Sveen, L.."]
[Result "1/2-1/2"]
[WhiteElo "2010"]
[BlackElo "1790"]
[PlyCount "57"]
[EventDate "1983.??.??"]

1. e4 e6 2. d4 d5 3. exd5 exd5 4. Nf3 Bd6 5. Nc3 c6 6. Be3 Bg4 7. h3 Bxf3 8.
Qxf3 Qf6 9. Be2 Nd7 10. O-O-O Qxf3 11. Bxf3 h6 12. Rhe1 O-O-O 13. Na4 Ne7 14.
Nc5 Nf6 15. Nd3 Nf5 16. c3 Nxe3 17. Rxe3 Rhe8 18. Rde1 Rxe3 19. Rxe3 Re8 20.
Rxe8+ Nxe8 21. Bh5 g6 22. Bg4+ f5 23. Be2 Ng7 24. Kd2 Ne6 25. g3 Ng5 26. h4
Ne4+ 27. Ke3 Kd7 28. Bf3 Ke6 29. Bxe4 1/2-1/2

[Event "East Detroit (MCO/2)"]
[Site "?"]
[Date "1983.??.??"]
[Round "?"]
[White "Kell, M.."]
[Black "Pajor, J.."]
[Result "1-0"]
[WhiteElo "2010"]
[BlackElo "1695"]
[PlyCount "85"]
[EventDate "1983.??.??"]

1. c4 c5 2. Nf3 Nc6 3. Nc3 Nf6 4. g3 b6 5. Bg2 Rb8 6. O-O e6 7. d4 cxd4 8. Nxd4
Nxd4 9. Qxd4 Bc5 10. Qd3 O-O 11. Bf4 d6 12. Rad1 Bb7 13. Bxd6 Bxd6 14. Qxd6
Qxd6 15. Rxd6 Bxg2 16. Kxg2 Rfd8 17. Rfd1 Rxd6 18. Rxd6 Kf8 19. e4 Rb7 20. e5
Ne8 21. Rd2 Ke7 22. Ne4 h6 23. Nd6 Nxd6 24. Rxd6 f6 25. f4 Rc7 26. Rd4 fxe5 27.
fxe5 b5 28. b3 bxc4 29. Rxc4 Rxc4 30. bxc4 Kd7 31. Kf3 Kc6 32. Ke4 Kc5 33. Kd3
g6 34. Kc3 a6 35. a3 g5 36. g4 Kc6 37. Kb4 Kb6 38. c5+ Kc6 39. Ka5 Kxc5 40.
Kxa6 Kd5 41. Kb6 Kxe5 42. a4 Kd6 43. a5 1-0

[Event "East Detroit (MCO/6)"]
[Site "?"]
[Date "1983.??.??"]
[Round "?"]
[White "Kell, M.."]
[Black "Bolda, Dan G"]
[Result "0-1"]
[WhiteElo "2010"]
[BlackElo "1820"]
[PlyCount "76"]
[EventDate "1983.??.??"]

1. e4 e6 2. d4 d5 3. Nc3 Bb4 4. e5 c5 5. a3 Ba5 6. b4 cxb4 7. Nb5 bxa3+ 8. Bd2
Ne7 9. Nd6+ Kf8 10. g4 Bc7 11. Bb4 Kg8 12. Bh3 Bxd6 13. Bxd6 Bd7 14. Rxa3 Nc8
15. Bxb8 Rxb8 16. f4 a6 17. Rg3 Ne7 18. Ne2 b5 19. O-O Qc8 20. Rc3 Qd8 21. f5
Qb6 22. Qd2 h5 23. Qg5 Nc6 24. f6 g6 25. Rd3 b4 26. gxh5 Rxh5 27. Qf4 Nxe5 28.
Re3 Nc6 29. Bg4 Rh7 30. Rh3 e5 31. Qg5 Nxd4 32. Kh1 Rxh3 33. Bxh3 Bxh3 34. Qh6
Ne6 35. Rg1 Bf5 36. h4 Qf2 37. Ng3 Qf3+ 38. Rg2 Bh3 0-1

[Event "East Detroit (MCO/2)"]
[Site "?"]
[Date "1983.??.??"]
[Round "?"]
[White "Keeley, G.."]
[Black "Griffin, John"]
[Result "0-1"]
[WhiteElo "1605"]
[BlackElo "1605"]
[PlyCount "79"]
[EventDate "1983.??.??"]

1. e4 c5 2. Nf3 Nc6 3. c3 d6 4. Bc4 Nf6 5. d3 Na5 6. Qa4+ Nc6 7. Qb3 e6 8. Qc2
Bd7 9. a3 d5 10. Ba2 b5 11. e5 Ng8 12. b4 c4 13. d4 f6 14. Be3 Qc7 15. exf6
Nxf6 16. h3 g6 17. Bg5 Bg7 18. O-O O-O 19. Nbd2 Rae8 20. Rae1 e5 21. Bb1 Bf5
22. Qd1 Bxb1 23. Qxb1 exd4 24. Rxe8 Rxe8 25. cxd4 Qf7 26. Re1 Nd7 27. Be3 Nf8
28. Qc1 Ne6 29. Qc3 Nexd4 30. Qc1 Nxf3+ 31. Nxf3 d4 32. Bh6 Rxe1+ 33. Nxe1 d3
34. Bxg7 Kxg7 35. Nxd3 Nd4 36. Qb2 Qf6 37. Ne1 Nf3+ 38. Nxf3 Qxb2 39. h4 Qxa3
40. Ne5 0-1

[Event "East Detroit (MCO/3)"]
[Site "?"]
[Date "1983.??.??"]
[Round "?"]
[White "Keeley, G.."]
[Black "Beltramello, R.."]
[Result "0-1"]
[WhiteElo "1605"]
[BlackElo "1605"]
[PlyCount "64"]
[EventDate "1983.??.??"]

1. e4 c5 2. Nf3 d6 3. c3 Nf6 4. Qc2 a6 5. a4 Nc6 6. d4 cxd4 7. cxd4 e6 8. Bc4
Be7 9. O-O O-O 10. Nc3 Qc7 11. h3 b6 12. Bf4 Bb7 13. Rfe1 e5 14. Bh2 Nxd4 15.
Qd3 Nxf3+ 16. gxf3 Rfd8 17. Bd5 Nxd5 18. Nxd5 Bxd5 19. exd5 Qd7 20. Qe3 Qxh3
21. Kh1 h6 22. Rg1 Bg5 23. Rxg5 hxg5 24. Rg1 f6 25. Qxb6 Qxf3+ 26. Rg2 Qxd5 27.
a5 Rab8 28. Qe3 Rxb2 29. Bg1 Qxa5 30. Qh3 Qd5 31. Kh2 Rb4 32. f3 Rh4 0-1

[Event "East Detroit (MCO/5)"]
[Site "?"]
[Date "1983.??.??"]
[Round "?"]
[White "Keeley, G.."]
[Black "Barnes, O.."]
[Result "1-0"]
[WhiteElo "1605"]
[BlackElo "1605"]
[PlyCount "29"]
[EventDate "1983.??.??"]

1. e4 e5 2. Nf3 Nc6 3. Bc4 Nf6 4. c3 Nxe4 5. O-O Nf6 6. d4 d6 7. d5 e4 8. Ng5
Bg4 9. Qe1 Ne5 10. Bf4 Nxc4 11. h3 Bf5 12. Qe2 b5 13. a4 Nxd5 14. Nxe4 Nxf4 15.
Nf6# 1-0

[Event "East Detroit (MCO/3)"]
[Site "?"]
[Date "1983.??.??"]
[Round "?"]
[White "Kebrdle, M.."]
[Black "Noren, Kevin"]
[Result "0-1"]
[WhiteElo "1930"]
[BlackElo "2200"]
[PlyCount "40"]
[EventDate "1983.??.??"]

1. e4 Nc6 2. Nc3 e6 3. d4 d5 4. Nf3 Bb4 5. e5 Qd7 6. a3 Bf8 7. Bd3 b6 8. Ne2
Bb7 9. c3 h5 10. Nf4 Nce7 11. Ng5 g6 12. Ngxe6 fxe6 13. Nxg6 Nxg6 14. Bxg6+ Kd8
15. Bxh5 Ba6 16. h4 Kc8 17. Bg6 Qg7 18. Qg4 Kd7 19. Bh5 Rxh5 20. Qxh5 Qxg2 0-1

[Event "East Detroit (MCO/1)"]
[Site "?"]
[Date "1983.??.??"]
[Round "?"]
[White "Kebrdle, M.."]
[Black "Burwell, Raymond"]
[Result "1-0"]
[WhiteElo "1930"]
[BlackElo "1605"]
[PlyCount "77"]
[EventDate "1983.??.??"]

1. e4 c5 2. Nf3 Nc6 3. d4 cxd4 4. Nxd4 g6 5. Nc3 Bg7 6. Nb3 Nf6 7. Be2 d6 8.
O-O O-O 9. Be3 a6 10. a4 Qc7 11. a5 e6 12. Qd2 Re8 13. f4 Ne7 14. Bf3 Rb8 15.
Rfd1 Nd7 16. Qxd6 Qxd6 17. Rxd6 Bf8 18. Rd2 Nc6 19. Na4 Bb4 20. Nc3 b6 21. e5
Nxa5 22. Nxa5 Bxc3 23. bxc3 bxa5 24. Bc6 Rd8 25. Rad1 Rb2 26. Bxd7 Rxd7 27.
Rxd7 Bxd7 28. Rxd7 a4 29. Bc5 Rxc2 30. Be7 Kg7 31. Ra7 a3 32. Bxa3 Rxc3 33.
Rxa6 Kh6 34. Be7 Kh5 35. h3 Rc1+ 36. Kh2 Rc2 37. Ra8 h6 38. Rh8 Rb2 39. Bg5 1-0

[Event "East Detroit (MCO/5)"]
[Site "?"]
[Date "1983.??.??"]
[Round "?"]
[White "Kebrdle, M.."]
[Black "Brooks, John"]
[Result "0-1"]
[WhiteElo "1930"]
[BlackElo "2150"]
[PlyCount "82"]
[EventDate "1983.??.??"]

1. Nf3 Nf6 2. g3 b6 3. Bg2 Bb7 4. O-O c5 5. c4 g6 6. b3 Bg7 7. Bb2 O-O 8. d3
Nc6 9. Nbd2 Qc7 10. Rb1 Rad8 11. Ne1 Nd4 12. Bxb7 Qxb7 13. e3 Nc6 14. Qf3 Qa6
15. a3 Qa5 16. Qe2 d5 17. b4 Qa4 18. b5 Na5 19. Nef3 dxc4 20. dxc4 Qc2 21. Rfc1
Qd3 22. Kf1 Qf5 23. Kg2 Ne4 24. Bxg7 Kxg7 25. Nxe4 Qxe4 26. Qc2 Qxc2 27. Rxc2
Rd3 28. a4 Rfd8 29. Ra1 f6 30. Raa2 Nb3 31. Kf1 Rd1+ 32. Kg2 e5 33. Rab2 R8d3
34. Ng1 Ra1 35. Ra2 Rxa2 36. Rxa2 Rd2 37. Ra3 Na5 38. Rc3 e4 39. Rc1 Kf7 40.
Kf1 Ra2 41. Rd1 Ke7 0-1

[Event "East Detroit (MCO/5)"]
[Site "?"]
[Date "1983.??.??"]
[Round "?"]
[White "Kavnatsky, V.."]
[Black "Small, L.."]
[Result "1-0"]
[WhiteElo "2285"]
[BlackElo "2075"]
[PlyCount "71"]
[EventDate "1983.??.??"]

1. d4 Nf6 2. Nf3 e6 3. g3 b6 4. Bg2 Bb7 5. O-O Be7 6. Nbd2 O-O 7. Re1 c5 8. e4
cxd4 9. Nxd4 Ne8 10. N2b3 d6 11. a4 a6 12. Be3 Nd7 13. Qe2 Rc8 14. c4 Ne5 15.
Rec1 d5 16. cxd5 Rxc1+ 17. Rxc1 exd5 18. f4 Ng6 19. e5 Qd7 20. a5 b5 21. Qf1
Nc7 22. Bh3 Qd8 23. Nc6 Bxc6 24. Rxc6 d4 25. Bxd4 Qd5 26. Rc3 Ne6 27. Bg2 Qd8
28. Bb6 Qb8 29. Qf3 Bb4 30. Rc1 Nd8 31. Qe4 Be7 32. h4 Re8 33. Bh3 Nb7 34. Rc7
Nd6 35. exd6 Bxd6 36. Qxe8+ 1-0

[Event "East Detroit (MCO/3)"]
[Site "?"]
[Date "1983.??.??"]
[Round "?"]
[White "Kavnatsky, V.."]
[Black "Kulbacki, James"]
[Result "1-0"]
[WhiteElo "2285"]
[BlackElo "1945"]
[PlyCount "59"]
[EventDate "1983.??.??"]

1. d4 Nf6 2. c4 e6 3. Nc3 Bb4 4. a3 Bxc3+ 5. bxc3 c5 6. e3 O-O 7. Bd3 Nc6 8.
Ne2 d6 9. O-O e5 10. f3 b6 11. Qe1 Qe7 12. Qh4 h6 13. e4 Nh7 14. Qg3 Kh8 15. f4
cxd4 16. cxd4 exd4 17. Bb2 f5 18. Nxd4 Nxd4 19. Bxd4 Be6 20. Rae1 Qd7 21. Qg6
Nf6 22. exf5 Bg8 23. Re6 Bf7 24. Rxf6 Bxg6 25. Rxg6 Rf7 26. f6 gxf6 27. Rf3 Re8
28. Rh3 Qe6 29. Bxf6+ Qxf6 30. Rhxh6+ 1-0

[Event "East Detroit (MCO/1)"]
[Site "?"]
[Date "1983.??.??"]
[Round "?"]
[White "Kavnatsky, V.."]
[Black "Frohman, T.."]
[Result "1-0"]
[WhiteElo "2285"]
[BlackElo "1650"]
[PlyCount "63"]
[EventDate "1983.??.??"]

1. d4 Nf6 2. c4 g6 3. Nc3 Bg7 4. e4 d6 5. Nf3 Nc6 6. h3 O-O 7. Bg5 h6 8. Be3
Nd7 9. Qd2 Kh7 10. g4 e5 11. d5 Ne7 12. Bd3 Ng8 13. h4 Ndf6 14. g5 Ng4 15. gxh6
Bxh6 16. Bxh6 N4xh6 17. O-O-O Bg4 18. Ng5+ Kg7 19. Rdg1 Bh5 20. Be2 Nf6 21. Rh3
Bxe2 22. Nxe2 Nh5 23. f4 exf4 24. Nxf4 Nxf4 25. Qxf4 Qf6 26. Qxf6+ Kxf6 27.
Nh7+ Kg7 28. Nxf8 Rxf8 29. h5 Ng8 30. Rhg3 Ne7 31. Rf3 Kh6 32. Rgf1 1-0

[Event "East Detroit (MCO/1)"]
[Site "?"]
[Date "1983.??.??"]
[Round "?"]
[White "Jordan, Willie"]
[Black "Thompson, Dexter"]
[Result "0-1"]
[WhiteElo "1605"]
[BlackElo "2105"]
[PlyCount "90"]
[EventDate "1983.??.??"]

1. c4 Nf6 2. Nc3 e5 3. d3 Nc6 4. g3 d5 5. cxd5 Nxd5 6. Bg2 Nb6 7. Nf3 Be7 8.
O-O Be6 9. a3 f5 10. e3 O-O 11. Qc2 Bf6 12. b4 Qd7 13. Rd1 Qf7 14. Rb1 e4 15.
dxe4 Bxc3 16. Ng5 Qf6 17. Nxe6 Qxe6 18. Qxc3 fxe4 19. Bb2 Qf7 20. Rd2 Nc4 21.
Re2 Nxb2 22. Rexb2 Rae8 23. Rd1 Kh8 24. Rbd2 Ne5 25. Bxe4 Qc4 26. Qc2 c6 27. f3
Nxf3+ 28. Bxf3 Qxc2 29. Rxc2 Rxf3 30. Re2 Kg8 31. e4 Rxa3 32. Rd7 b6 33. Rc7
Re6 34. e5 h6 35. Rd7 Rb3 36. Rd6 Kf7 37. Rd4 Rc3 38. Rd7+ Re7 39. Rd6 Rc4 40.
Rf2+ Ke8 41. e6 Rxb4 42. Rfd2 Rc7 43. Rd8+ Ke7 44. Rg8 Kxe6 45. Re2+ Kf6 0-1

[Event "East Detroit (MCO/5)"]
[Site "?"]
[Date "1983.??.??"]
[Round "?"]
[White "Jordan, Willie"]
[Black "Prusaitis, William"]
[Result "0-1"]
[WhiteElo "1605"]
[BlackElo "1820"]
[PlyCount "48"]
[EventDate "1983.??.??"]

1. c4 Nf6 2. Nc3 g6 3. d4 Bg7 4. e4 d6 5. Nf3 O-O 6. Be2 c6 7. O-O Nbd7 8. Ne1
e5 9. d5 cxd5 10. cxd5 Nc5 11. f3 Qb6 12. Kh1 Bd7 13. Nd3 Nxd3 14. Bxd3 Nh5 15.
Rb1 f5 16. Qe2 f4 17. a4 Qd8 18. Bd2 Qh4 19. Be1 Ng3+ 20. Bxg3 fxg3 21. h3 Bh6
22. Nb5 Bxh3 23. gxh3 Qxh3+ 24. Kg1 Be3+ 0-1

[Event "East Detroit (MCO/3)"]
[Site "?"]
[Date "1983.??.??"]
[Round "?"]
[White "Jordan, Willie"]
[Black "Franke, R.."]
[Result "0-1"]
[WhiteElo "1605"]
[BlackElo "1845"]
[PlyCount "50"]
[EventDate "1983.??.??"]

1. d4 Nf6 2. c4 e6 3. Nc3 Bb4 4. a3 Bxc3+ 5. bxc3 c5 6. Nf3 O-O 7. Bg5 h6 8.
Bh4 d5 9. Ne5 Qa5 10. Qc2 Ne4 11. f3 Nxc3 12. Kf2 cxd4 13. e3 dxe3+ 14. Kxe3
Qc5+ 15. Kd2 Qd4+ 16. Bd3 Qxe5 17. Qxc3 Qf4+ 18. Kc2 Qxh4 19. g3 Qd8 20. cxd5
exd5 21. g4 Nc6 22. h4 Ne5 23. g5 Nxd3 24. Qd2 g6 25. gxh6 Bf5 0-1